| 000 | 00514nam a2200193 b 4500 | ||
|---|---|---|---|
| 003 | OSt | ||
| 005 | 20170307170924.0 | ||
| 008 | 980909s1997 sp | ||| ||spa | ||
| 020 | _a84-8498-377-3 | ||
| 035 | _a(OCoLC)431777298 | ||
| 040 |
_aSpMaBN _cBMC |
||
| 082 | _a864 | ||
| 110 | 2 |
_91193 _aMercurio Ministerial |
|
| 245 | 1 | 0 |
_aLecciones para no salir de dudas _cMercurio Ministerial |
| 260 | 0 |
_aMadrid _bEl Caduceo _c1997 |
|
| 300 |
_a196 p. _c16 cm |
||
| 650 | 2 | 4 |
_928248 _aEnsayos espaƱoles |
| 942 |
_2ddc _cBK |
||
| 999 |
_c1397 _d1397 |
||